The white plum : a biography of Ume Tsuda : pioneer in the higher education of japanese women
Αποθηκεύτηκε σε:
| Κύριος συγγραφέας: | |
|---|---|
| Μορφή: | Βιβλίο |
| Γλώσσα: | English |
| Δημοσίευση: |
New York :
Weatherhill,
1991
|
| Θέματα: | |
| Ετικέτες: |
Προσθήκη ετικέτας
Δεν υπάρχουν, Καταχωρήστε ετικέτα πρώτοι!
|
MARC
| LEADER | 00000nam a2200000 i 4500 | ||
|---|---|---|---|
| 001 | 1/85525 | ||
| 008 | 990701s1991 eng d | ||
| 020 | |a 0-8348-0243-0 | ||
| 035 | |l 10051862 | ||
| 040 | |a GR-MY-UA |b gre |e aacr | ||
| 041 | 0 | |a eng | |
| 082 | 0 | |a 370.92 | |
| 100 | 1 | |a Furuki, Yoshiko. | |
| 245 | 1 | 4 | |a The white plum : |b a biography of Ume Tsuda : pioneer in the higher education of japanese women / |c Yoshiko Furuki |
| 260 | |a New York : |b Weatherhill, |c 1991 | ||
| 300 | |a 180 p. | ||
| 600 | 1 | 0 | |a Tsuda Umeco |d 1864-1929. |
| 600 | 0 | 0 | |a Tsudajuku Daigaku |x History. |
| 650 | 0 | 0 | |a Women educators |z Japan |x History. |
| 852 | |a INST |b RHODES |e 19990701 |h 370.92 FUR |p 005400014582 |q 005400014582 |t BK |y 0 | ||
| 901 | |a BIBL4-1999-2 | ||
| 909 | |a Ρ |b 065563 | ||
| 922 | |a 4ΕΛΗ |b 199905 |c ΚΠΣ/154 |d LEADER | ||
| 970 | |a ΚΟΥΛΙΑΚΙΩΤΗ |b ΕΥΑΓΓΕΛΙΑ |z 1999/07/01 | ||